000 01476cam a2200313 4500
008 #DATE n2003 000 0 eng u
020 _a1904388078
035 _a(Sirsi) u122559
041 _aeng
050 _a333.332
_c18
100 _aBrunsdon, Mark
245 _aValuation of commercial property for secured lending
_ba CPD study pack
250 _a2nd ed.
260 _aReading
_bCollege of Estate Management
_c2003
300 _a39p.
_c30cm. + 1 audio cassette (ca. 60 min.)
350 _a41
490 _aCollege of Estate Management CPD Study Pack
520 _aRevised edition of this CPD study pack, which looks at these valuations as covered in the "RICS appraisal and valuation standards" know as the Red Book. The study pack considers the Red Book itself, instructions, bases of valuation, the inspection, reporting requirements, valuation methodology and recovery situations. Accompanied by an Owlion Audio Tape entitled "Valuation of commercial property for secured lending", which is also available to borrow separately (E2685).
520 _aSupersedes first edition (ISBN 1899769765).
520 _aSuperseded by 3rd ed 2005 (ISBN 1904388418)
650 _aPROPERTY-COMMERCIAL PROPERTY
650 _aRICS appraisal and valuation standards
650 _aREPORTING REQUIREMENTS
650 _aSECURED LENDING
650 _aValuation
_96273
690 _aRATING AND VALUATION
710 _aCollege of Estate Management
_9400
942 _n0
999 _c85427
_d85427